000 00923nam a2200289Ia 4500
001 D8527
003 IT-RoPAU
008 130308s9999 xx 000 0 und d
040 _aIT-RoPAU
040 _cIT-RoPAU
041 _aITALIANO
100 _aColli Giorgio
100 _gCodice Aut. SPICS: 7909
245 _aNascita della filosofia (La)
245 _bNascita della Filosofia (La)
250 _a14a ed.
260 _aMILANO
260 _bAdelphi
260 _c1996 [1° Ed.:1975 - Ed.Ling.Originale:1975]
300 _a"118 p. (prefazione: no ; testo: 118)"
500 _aFollia fonte della Sapienza. signora del Labirinto. Dio della Divinazione.Sfida dell'Enigma. pathos del Nascosto. misticismo e Dialettica. Ragione Distruttiva. Agonismo e Retorica. Filosofia Come Letteratura.
650 _aEPISTEMOLOGIA
650 _eCodice materia Spics: 3051
942 _cBK
957 _71
999 _c87647
_d87647
999 _g1